00507nam a2200181 a 450000100060000000300090000600800410001502000150005604000280007108200200009910000260011924500370014526000420018230000110022449000450023565000220028065000230030219238CO-ViMGA141112s2004 ck r 000 u spa d a8476727976 aCO-ViMGAbspacCO-ViMGA04a398.22094 C173m1 aCardona, Francesc Ll.10aMitologías y leyendas europeas aBarcelona : bEdicomunicación; 1999 a256 p. aColección Olimpo; mitologia e historia14aLEYENDAS EUROPEAS14aMITOLOGIA - EUROPA